000 00562nam a2200205Ia 4500
003 GCL
008 140319s9999 xx 000 0 ara d
040 _aGCL /
_cGCL
082 0 4 _aق
_b962.064
_bع ح
100 1 _aعبدالله امام
245 1 0 _aحكايات عن عبدالناصر /
_cعبدالله امام
300 _a157
490 _a100 قصة
_v0
650 0 4 _aالعصر الحديث
650 0 4 _aمصر
650 0 4 _aتاريخ
650 0 4 _aرؤساء الجمهورية
650 0 4 _aجمال عبدالناصر
942 _2ddc
_cBK
999 _c43698
_d43698